| 000 | 00457pab a2200181 454500 | ||
|---|---|---|---|
| 008 | 180718b2011 xxu||||| |||| 00| 0 eng d | ||
| 100 | _aKatrak, Homi | ||
| 245 | _aHealth-care decision of older persons in India | ||
| 260 | _c2011 | ||
| 300 | _ap.65-80. | ||
| 362 | _aJun | ||
| 650 | _aOld age - India | ||
| 650 | _aHealth services - India | ||
| 650 | _aHealth services | ||
| 773 | _aAsia-Pacific Population Journal | ||
| 908 | _aN | ||
| 909 | _a97296 | ||
| 999 |
_c97296 _d97296 |
||